000 00395nam a2200145Ia 4500
008 090124s9999 xx 000 0 und d
082 _b134345
245 _a झेन अथांग सागर
250 _a1
260 _bमीरा.
_c2006
300 _a96
630 _a झेन अथांग सागर
730 _a झेन अथांग सागर
942 _cBOOK
999 _c197383
_d197383